| 000 | 00545nam a2200205Ia 4500 | ||
|---|---|---|---|
| 008 | 170918s9999 xx 000 0 und d | ||
| 020 | _a9780060882815 | ||
| 050 | _bF836 2006 | ||
| 100 | _aFrantz, Jennifer | ||
| 245 | _aCharlotte's web / | ||
| 245 | _cadapted by Jennifer Frantz ; illustrated by Aleksey and Olga Ivanov. | ||
| 260 | _aNew York : | ||
| 260 | _bHarperCollins Publishers, | ||
| 260 | _c2006 | ||
| 300 | _a28 pages : | ||
| 300 | _bcolored illustration ; | ||
| 300 | _c22cm. | ||
| 440 | _aI can read! | ||
| 500 | _a680 | ||
| 999 |
_c343020 _d343020 |
||